|
|
|
|
| LEADER |
00977nab#a2200373#ar4500 |
| 001 |
000080903 |
| 003 |
SVKKK |
| 005 |
20070703114421.0 |
| 008 |
050331c2006 xo e slo |
| FMT |
|
|
|
| 038 |
|
|
|a SVKKK
|
| 040 |
|
|
|a SVKKK
|b slo
|e AACR2
|
| 041 |
0 |
|
|a slo
|
| 044 |
|
|
|a xo
|c SK
|
| 080 |
|
|
|a 821.162.4-1
|2 1997
|
| 080 |
|
|
|a 929 Krasko, Ivan
|2 1997
|
| 100 |
0 |
|
|a -tz-
|4 aut
|
| 245 |
1 |
0 |
|a Ivan Krasko - tvorca osobitého jazyka
|c [autor] -tz-
|
| 300 |
|
|
|b Obr.
|
| 500 |
|
|
|a Dátum narodenia 12.7.1876, dátum úmrtia 3.3.1958
|
| 500 |
|
|
|a Pseudonym Jána Bottu
|
| 600 |
1 |
4 |
|a Krasko, Ivan,
|d 1876-1958,
|x dr. Ing., básnik, chemik
|x profily
|
| 740 |
0 |
2 |
|a Obsahuje 3 básne
|
| 773 |
0 |
|
|t Evanjelický posol spod Tatier
|x 0139-8768
|g Roč. 96, č. 27 (2006), s. 14
|
| 957 |
|
|
|a 101
|
| 957 |
|
|
|a 609
|
| 958 |
|
|
|a BX
|
| 974 |
|
|
|a Čr
|
| 992 |
|
|
|a RBX
|
| 997 |
|
|
|a Ján Botto p. Ivan Krasko
|
| BAS |
|
|
|
| 852 |
|
|
|a SVKKK
|b BIB
|
| EXP |
|
|
|
| 998 |
|
|
|a SLO
|